00293nam a22001097a 4500008004100000020001800041082001500059100002300074245003800097250000900135260003900144200130b ||||| |||| 00| 0 eng d a9789332585225 a005.82 STC aSTALLINGS,William  aCryptography and network security a17th aNEW DELHIbPearson Educationc2017